[Event "Oberliga Ost A 2018 2019"]
[Site "?"]
[Date "2019.03.24"]
[Round "9.6"]
[White "Schuster, Martin"]
[Black "Limpert, Michael"]
[Result "1/2-1/2"]
[WhiteElo "2211"]
[BlackElo "2151"]
[PlyCount "115"]
[EventDate "2018.10.21"]
[EventType "team-tourn"]
[EventCountry "GER"]
[WhiteTeam "Loeberitz SG"]
[BlackTeam "Leipzig SG II"]
[WhiteTeamCountry "GER"]
[BlackTeamCountry "GER"]

1. e4 c6 2. d4 d5 3. Nc3 dxe4 4. Nxe4 Bf5 5. Ng3 Bg6 6. Nf3 Nd7 7. h4 h6 8. h5
Bh7 9. Bd3 Bxd3 10. Qxd3 e6 11. Bd2 Ngf6 12. O-O-O Be7 13. Kb1 Qb6 14. Ne4 Rd8
15. Nxf6+ Nxf6 16. Qe2 Qb5 17. Qxb5 cxb5 18. Be3 Rd5 19. Ne5 Bd6 20. f3 a6 21.
Bf4 Ke7 22. g4 Rd8 23. c3 Bxe5 24. Bxe5 Ne8 25. Kc2 f6 26. Bg3 Nd6 27. Rhe1 Kf7
28. Re2 e5 29. Rde1 exd4 30. Re7+ Kg8 31. Bxd6 R5xd6 32. Rxb7 Kh8 33. Ree7 Rg8
34. f4 dxc3 35. bxc3 Rc6 36. Rbc7 Rc8 37. Rxc8+ Rxc8 38. Kd3 Kg8 39. Rd7 Rc4
40. Rd4 Rc7 41. a4 bxa4 42. Rxa4 Rc6 43. Kd4 Kf7 44. f5 Ke7 45. c4 Rd6+ 46. Ke4
Rc6 47. Kd4 Rd6+ 48. Kc3 Rc6 49. Ra5 Kd6 50. Kd4 Kc7 51. c5 Kb7 52. Ra1 Rc7 53.
Rb1+ Kc8 54. Rb6 Ra7 55. Kc4 a5 56. Kb3 a4+ 57. Ka3 Ra5 58. Rb4 1/2-1/2

[Event "Oberliga Ost A 2018 2019"]
[Site "?"]
[Date "2019.03.24"]
[Round "9.7"]
[White "Dietze, Frank"]
[Black "Otikova, Elina"]
[Result "1/2-1/2"]
[WhiteElo "2095"]
[BlackElo "2071"]
[PlyCount "77"]
[EventDate "2018.10.21"]
[EventType "team-tourn"]
[EventCountry "GER"]
[WhiteTeam "Leipzig SG II"]
[BlackTeam "Loeberitz SG"]
[WhiteTeamCountry "GER"]
[BlackTeamCountry "GER"]

1. d4 d5 2. c4 e6 3. Nf3 Nf6 4. g3 dxc4 5. Bg2 Nbd7 6. Qa4 a6 7. Qxc4 c5 8. O-O
b5 9. Qd3 Bb7 10. b3 Rc8 11. dxc5 Be4 12. Qd1 Bxc5 13. e3 O-O 14. Nc3 Bc6 15.
a3 Qc7 16. b4 Bb6 17. Bb2 Rfd8 18. Qe2 Bxf3 19. Bxf3 Ne5 20. Ne4 Nxe4 21. Bxe4
f5 22. Bxe5 Qxe5 23. Bb7 Rc4 24. Bxa6 f4 25. gxf4 Rxf4 26. Qxb5 Rg4+ 27. Kh1
Qb8 28. Qc6 Rh4 29. Qg2 Rd5 30. Rg1 g6 31. Qg3 Qd8 32. Rac1 Kg7 33. Bb7 Rdh5
34. Rg2 Rh3 35. Qg4 Qd6 36. Qf4 Qxf4 37. exf4 Rxa3 38. Rc6 Rb5 39. Rxe6 1/2-1/2

[Event "Oberliga Ost A 2018 2019"]
[Site "?"]
[Date "2019.03.24"]
[Round "9.8"]
[White "Mertens, Fridolin"]
[Black "Peters, Andreas"]
[Result "1/2-1/2"]
[WhiteElo "2116"]
[BlackElo "2258"]
[PlyCount "59"]
[EventDate "2018.10.21"]
[EventType "team-tourn"]
[EventCountry "GER"]
[WhiteTeam "Loeberitz SG"]
[BlackTeam "Leipzig SG II"]
[WhiteTeamCountry "GER"]
[BlackTeamCountry "GER"]

1. e4 e6 2. c4 d5 3. exd5 exd5 4. d4 Nf6 5. Nf3 Be7 6. Bd3 O-O 7. O-O Bg4 8.
Be3 Nc6 9. Nc3 Nb4 10. Be2 dxc4 11. Bxc4 c6 12. h3 Bh5 13. g4 Bg6 14. Ne5 Nbd5
15. Qb3 Nb6 16. f4 Nxc4 17. Qxc4 Be4 18. Nxe4 Nxe4 19. f5 Qd5 20. Qxd5 cxd5 21.
Rac1 Rac8 22. Kg2 f6 23. Nd3 Bd6 24. Rxc8 Rxc8 25. Rc1 Rxc1 26. Bxc1 Kf7 27.
Bf4 g6 28. Bxd6 Nxd6 29. fxg6+ hxg6 30. Nf4 1/2-1/2

[Event "Oberliga Ost A 2018 2019"]
[Site "?"]
[Date "2019.04.06"]
[Round "10.1"]
[White "Pulpan, Jakub"]
[Black "Hollan, Martin"]
[Result "1/2-1/2"]
[WhiteElo "2418"]
[BlackElo "2387"]
[PlyCount "69"]
[EventDate "2018.10.21"]
[EventType "team-tourn"]
[EventCountry "GER"]
[WhiteTeam "Aue ESV Nickelhuette II"]
[BlackTeam "Magdeburg SV Rochade"]
[WhiteTeamCountry "GER"]
[BlackTeamCountry "GER"]

1. e4 c5 2. Nf3 Nc6 3. Bb5 g6 4. Bxc6 dxc6 5. d3 Bg7 6. h3 Nh6 7. Nc3 b6 8. Be3
f6 9. Qd2 Nf7 10. Nh2 e5 11. f4 Be6 12. Nf3 exf4 13. Bxf4 Qe7 14. O-O O-O-O 15.
Be3 Rhg8 16. a4 a5 17. Rad1 g5 18. d4 g4 19. hxg4 Bxg4 20. Qf2 Bh6 21. dxc5
Rxd1 22. Nxd1 Bxe3 23. Nxe3 Bxf3 24. Qxf3 Qxc5 25. Qf5+ Qxf5 26. Nxf5 Kd7 27.
Rd1+ Kc7 28. Kf2 Ng5 29. Ke3 Re8 30. Ng3 Nxe4 31. Nxe4 f5 32. Rd4 b5 33. axb5
cxb5 34. Rd5 Rxe4+ 35. Kd3 1/2-1/2

[Event "Oberliga Ost A 2018 2019"]
[Site "?"]
[Date "2019.04.06"]
[Round "10.2"]
[White "Mikes, Jan"]
[Black "Cerveny, Martin"]
[Result "1-0"]
[WhiteElo "2394"]
[BlackElo "2343"]
[PlyCount "83"]
[EventDate "2018.10.21"]
[EventType "team-tourn"]
[EventCountry "GER"]
[WhiteTeam "Magdeburg SV Rochade"]
[BlackTeam "Aue ESV Nickelhuette II"]
[WhiteTeamCountry "GER"]
[BlackTeamCountry "GER"]

1. e4 c5 2. Nf3 d6 3. d4 cxd4 4. Nxd4 Nf6 5. Nc3 a6 6. Be3 e5 7. Nde2 Ng4 8.
Qd2 Nxe3 9. Qxe3 Be6 10. O-O-O Nd7 11. f4 Be7 12. Kb1 O-O 13. f5 Bc4 14. b3
Bxe2 15. Bxe2 Rc8 16. Nd5 b5 17. h4 Nf6 18. Nxf6+ Bxf6 19. c4 h6 20. g3 b4 21.
Rd5 Rc6 22. Rhd1 Qb8 23. Qf2 Bd8 24. g4 a5 25. Qg3 g5 26. fxg6 fxg6 27. g5 hxg5
28. hxg5 Qc7 29. Rh1 Rf4 30. Bg4 Qf7 31. Qh3 Kf8 32. Be6 Qg7 33. Bd7 Rc7 34.
Rxd6 Bxg5 35. Bc6 Be7 36. Re6 Rh4 37. Rf1+ Kg8 38. Qg3 Kh7 39. Be8 Bd8 40.
Bxg6+ Kh6 41. Bf5+ Bf6 42. Qxh4# 1-0

[Event "Oberliga Ost A 2018 2019"]
[Site "?"]
[Date "2019.04.06"]
[Round "10.3"]
[White "Jurasek, Miroslav"]
[Black "Hollan, Petr"]
[Result "1/2-1/2"]
[WhiteElo "2248"]
[BlackElo "2288"]
[PlyCount "85"]
[EventDate "2018.10.21"]
[EventType "team-tourn"]
[EventCountry "GER"]
[WhiteTeam "Aue ESV Nickelhuette II"]
[BlackTeam "Magdeburg SV Rochade"]
[WhiteTeamCountry "GER"]
[BlackTeamCountry "GER"]

1. e4 e6 2. d4 d5 3. e5 c5 4. c3 Nc6 5. Nf3 Bd7 6. Be2 Nge7 7. Na3 cxd4 8. cxd4
Ng6 9. Nc2 Be7 10. O-O O-O 11. Be3 f6 12. exf6 Bxf6 13. Qd2 Rc8 14. Rfc1 Kh8
15. Nb4 Qb6 16. Nxc6 Bxc6 17. g3 Qd8 18. Ng5 Qd6 19. Bg4 Rce8 20. Bh5 e5 21.
Bxg6 hxg6 22. Qd3 Bxg5 23. Bxg5 exd4 24. Qxd4 Re4 25. Qxa7 d4 26. Qa3 Qxa3 27.
bxa3 Re2 28. Rf1 d3 29. Rad1 Rxa2 30. Rd2 Rxd2 31. Bxd2 Bf3 32. Rb1 Re8 33. Rb3
Rd8 34. h3 Rd7 35. g4 Be4 36. Rb4 Bc6 37. Kf1 Rf7 38. Rf4 Re7 39. Be3 Bb5 40.
Ke1 Rc7 41. Rb4 Ba6 42. a4 Kg8 43. h4 1/2-1/2

[Event "Oberliga Ost A 2018 2019"]
[Site "?"]
[Date "2019.04.06"]
[Round "10.4"]
[White "Niering, Martin"]
[Black "Heinz, Thomas"]
[Result "0-1"]
[WhiteElo "2227"]
[BlackElo "2148"]
[PlyCount "124"]
[EventDate "2018.10.21"]
[EventType "team-tourn"]
[EventCountry "GER"]
[WhiteTeam "Magdeburg SV Rochade"]
[BlackTeam "Aue ESV Nickelhuette II"]
[WhiteTeamCountry "GER"]
[BlackTeamCountry "GER"]

1. e4 e5 2. Nf3 Nc6 3. Bc4 Nf6 4. d3 Be7 5. a3 h6 6. Nbd2 O-O 7. O-O d6 8. Re1
Re8 9. Nf1 Bf8 10. Ng3 Be6 11. Bxe6 Rxe6 12. c4 g6 13. b4 Bg7 14. Bb2 Qd7 15.
b5 Nd8 16. d4 exd4 17. Bxd4 Re7 18. Ra2 Ne6 19. Ba1 Rae8 20. Rd2 Qc8 21. e5
dxe5 22. Nxe5 Nc5 23. Rde2 Re6 24. h3 Nfd7 25. Ng4 h5 26. Bxg7 Kxg7 27. Qd4+
Kh7 28. Nh2 Rxe2 29. Rxe2 Rxe2 30. Nxe2 Ne6 31. Qe3 Nf6 32. Qxa7 b6 33. Qa4 Qd7
34. Qc2 Qd6 35. Qc3 Ne4 36. Qe3 N6c5 37. Nf3 Qd1+ 38. Kh2 Qf1 39. Ng3 Qxf2 40.
Qxf2 Nxf2 41. Ne2 Nfe4 42. Nc1 Kg7 43. Kg1 Kf6 44. Kf1 Nd6 45. Nd2 Ke5 46. Na2
Kd4 47. Nb4 Ne6 48. Ke2 Nxc4 49. Nc6+ Kc3 50. Ne4+ Kb3 51. Kd3 Nxa3 52. Nd2+
Ka4 53. Ke4 Kxb5 54. Na7+ Kc5 55. Ke5 Nc4+ 56. Nxc4 Kxc4 57. Kf6 Nf4 58. Kxf7
b5 59. Nc6 b4 60. g3 Nxh3 61. Kxg6 b3 62. Na5+ Kb4 0-1

[Event "Oberliga Ost A 2018 2019"]
[Site "?"]
[Date "2019.04.06"]
[Round "10.5"]
[White "Heinz, Juergen"]
[Black "Stolz, Mike"]
[Result "0-1"]
[WhiteElo "2201"]
[BlackElo "2307"]
[PlyCount "104"]
[EventDate "2018.10.21"]
[EventType "team-tourn"]
[EventCountry "GER"]
[WhiteTeam "Aue ESV Nickelhuette II"]
[BlackTeam "Magdeburg SV Rochade"]
[WhiteTeamCountry "GER"]
[BlackTeamCountry "GER"]

1. c4 e5 2. Nc3 d6 3. g3 Nf6 4. Bg2 g6 5. d3 Bg7 6. e4 O-O 7. Nge2 c6 8. O-O
Be6 9. Bg5 h6 10. Bxf6 Qxf6 11. f4 exf4 12. gxf4 Bg4 13. d4 Qh4 14. Qd3 Na6 15.
Qg3 Qxg3 16. hxg3 Nb4 17. Bf3 Bh3 18. Rfd1 Nc2 19. Rac1 Ne3 20. Rd3 Nxc4 21. b3
Nb6 22. g4 f5 23. gxf5 gxf5 24. e5 Bg4 25. Kf2 Rad8 26. Rcd1 Rd7 27. Ng3 Kf7
28. Bxg4 fxg4 29. Nge4 dxe5 30. dxe5 Ke7 31. Kg3 h5 32. Nd6 Rc7 33. Re1 Nd7 34.
b4 a5 35. a3 Ke6 36. Nce4 axb4 37. axb4 Bh6 38. f5+ Ke7 39. f6+ Ke6 40. Nc4 b5
41. Rd6+ Kf5 42. Rxd7 Rxd7 43. Nc5 Bf4+ 44. Kg2 Rd4 45. Ne3+ Bxe3 46. Rxe3 Rd2+
47. Kf1 Rd5 48. Re2 Rxc5 49. bxc5 b4 50. Kg2 h4 51. e6 Kxf6 52. Re4 Kf5 0-1

[Event "Oberliga Ost A 2018 2019"]
[Site "?"]
[Date "2019.04.06"]
[Round "10.6"]
[White "Waechter, Nathalie"]
[Black "Poessel, Christian"]
[Result "0-1"]
[WhiteElo "2027"]
[BlackElo "1986"]
[PlyCount "144"]
[EventDate "2018.10.21"]
[EventType "team-tourn"]
[EventCountry "GER"]
[WhiteTeam "Magdeburg SV Rochade"]
[BlackTeam "Aue ESV Nickelhuette II"]
[WhiteTeamCountry "GER"]
[BlackTeamCountry "GER"]

1. d4 Nf6 2. c4 e6 3. Nc3 Bb4 4. Qc2 c5 5. dxc5 Bxc5 6. e3 O-O 7. Nf3 d5 8.
cxd5 exd5 9. Be2 Nc6 10. a3 Bg4 11. O-O Qe7 12. h3 Bh5 13. b4 Bb6 14. Na4 Bc7
15. Bb2 Rac8 16. Nc5 b6 17. Bxf6 gxf6 18. Nb3 Ne5 19. Qd1 Rfd8 20. Nfd4 Bg6 21.
Ba6 Ra8 22. Rc1 Nc4 23. Bxc4 dxc4 24. Rxc4 Qe5 25. g3 Rd5 26. Qc1 Rd7 27. Rc3
Be4 28. f4 Qe7 29. Nb5 Bd8 30. N5d4 Bb7 31. Qd2 Qe4 32. Kh2 Rd5 33. Qe2 h5 34.
Nd2 Qe8 35. Qf2 a5 36. b5 Be7 37. Nc6 Bc5 38. Nb3 Bxa3 39. Qf3 Rxb5 40. Nbd4
Rb2+ 41. Kg1 Bc5 42. Rf2 Bxd4 43. exd4 Qe1+ 44. Rf1 Qd2 45. Rf2 Rb1+ 46. Kg2
Qe1 47. Rf1 Qxf1+ 48. Qxf1 Rxf1 49. Kxf1 Kf8 50. Ke2 Rc8 51. d5 Bxc6 52. dxc6
Ke7 53. c7 Kd7 54. Rb3 Kxc7 55. Rb5 Kc6 56. Rxh5 a4 57. Kd2 b5 58. Kc3 Kb6+ 59.
Kb2 Re8 60. Rf5 Ka5 61. Rxf6 Re2+ 62. Kb1 Kb4 63. Rxf7 a3 64. Rd7 Ka4 65. f5 b4
66. f6 a2+ 67. Ka1 Ka3 68. Ra7+ Kb3 69. Rd7 Rf2 70. Rd3+ Ka4 71. Rd4 Ka3 72.
Rf4 Rxf4 0-1

[Event "Oberliga Ost A 2018 2019"]
[Site "?"]
[Date "2019.04.06"]
[Round "10.7"]
[White "Kubikova, Alena"]
[Black "Kuna, Ralf Michael"]
[Result "1/2-1/2"]
[WhiteElo "2091"]
[BlackElo "2105"]
[PlyCount "38"]
[EventDate "2018.10.21"]
[EventType "team-tourn"]
[EventCountry "GER"]
[WhiteTeam "Aue ESV Nickelhuette II"]
[BlackTeam "Magdeburg SV Rochade"]
[WhiteTeamCountry "GER"]
[BlackTeamCountry "GER"]

1. e4 c6 2. d4 d5 3. Nc3 g6 4. e5 h5 5. Bd3 Qb6 6. Nce2 Nh6 7. c3 Bg4 8. h3
Bxe2 9. Qxe2 e6 10. g4 Ng8 11. g5 c5 12. Nf3 c4 13. Bc2 Nc6 14. Nh4 Nge7 15.
Ng2 Qa5 16. Bd2 b5 17. O-O Qb6 18. a3 a5 19. Kh1 a4 1/2-1/2

[Event "Oberliga Ost A 2018 2019"]
[Site "?"]
[Date "2019.04.06"]
[Round "10.8"]
[White "Hoffmann, Uwe"]
[Black "Kubikova, Hana"]
[Result "1-0"]
[WhiteElo "2083"]
[BlackElo "2062"]
[PlyCount "135"]
[EventDate "2018.10.21"]
[EventType "team-tourn"]
[EventCountry "GER"]
[WhiteTeam "Magdeburg SV Rochade"]
[BlackTeam "Aue ESV Nickelhuette II"]
[WhiteTeamCountry "GER"]
[BlackTeamCountry "GER"]

1. d4 Nf6 2. c4 e6 3. Nc3 d5 4. Bg5 Nbd7 5. e3 c6 6. cxd5 exd5 7. Bd3 Be7 8.
Qc2 h6 9. Bh4 O-O 10. Nge2 Re8 11. O-O Ne4 12. Bxe7 Qxe7 13. Rae1 Ndf6 14. f3
Nxc3 15. Nxc3 Be6 16. Qf2 Rad8 17. Bb1 Qd7 18. Qh4 Bf5 19. Bxf5 Qxf5 20. e4 Qg5
21. Qxg5 hxg5 22. e5 Nh5 23. g3 g6 24. b4 Ng7 25. b5 Nf5 26. bxc6 bxc6 27. Ne2
Ne3 28. Rf2 Rb8 29. Nc1 Nc4 30. Nd3 Rb5 31. f4 gxf4 32. gxf4 Kg7 33. f5 gxf5
34. Rxf5 Nd2 35. Kh1 Re6 36. Nf4 Rh6 37. e6 Nf3 38. Nh5+ Rxh5 39. Rxf7+ Kg6 40.
Rxf3 Rb2 41. h3 Rb8 42. Rg1+ Rg5 43. Rxg5+ Kxg5 44. e7 Rb1+ 45. Kg2 Re1 46. Rc3
Rxe7 47. Rxc6 Re2+ 48. Kf3 Rxa2 49. Rc5 Ra3+ 50. Ke2 Kf4 51. Rxd5 Rxh3 52. Re5
Ra3 53. Re8 a5 54. d5 Ra2+ 55. Kd3 Ra1 56. Kc4 Rc1+ 57. Kb5 Rb1+ 58. Kc6 Rc1+
59. Kd7 a4 60. d6 Kf5 61. Ra8 Rc4 62. Kd8 Rh4 63. Ra5+ Ke6 64. d7 Kd6 65. Ra6+
Kc5 66. Kc7 Rd4 67. Rc6+ Kb5 68. Rd6 1-0

[Event "Oberliga Ost A 2018 2019"]
[Site "?"]
[Date "2019.04.06"]
[Round "10.1"]
[White "Pietsch, Michael"]
[Black "Schubert, Thomas"]
[Result "1/2-1/2"]
[WhiteElo "2185"]
[BlackElo "2313"]
[PlyCount "35"]
[EventDate "2018.10.21"]
[EventType "team-tourn"]
[EventCountry "GER"]
[WhiteTeam "Coswig TuS"]
[BlackTeam "Leipzig SG II"]
[WhiteTeamCountry "GER"]
[BlackTeamCountry "GER"]

1. c4 c6 2. d4 d5 3. Nf3 Nf6 4. e3 Bf5 5. Nc3 e6 6. Nh4 Bg6 7. Qb3 Qb6 8. Nxg6
hxg6 9. Bd2 Nbd7 10. cxd5 exd5 11. Bd3 Be7 12. Qxb6 axb6 13. O-O b5 14. a3 Nb6
15. Rad1 O-O 16. f3 b4 17. axb4 Bxb4 18. Ra1 1/2-1/2

[Event "Oberliga Ost A 2018 2019"]
[Site "?"]
[Date "2019.04.06"]
[Round "10.2"]
[White "Boehnisch, Manfred"]
[Black "Schweitzer, Andreas"]
[Result "1/2-1/2"]
[WhiteElo "2287"]
[BlackElo "2282"]
[PlyCount "28"]
[EventDate "2018.10.21"]
[EventType "team-tourn"]
[EventCountry "GER"]
[WhiteTeam "Leipzig SG II"]
[BlackTeam "Coswig TuS"]
[WhiteTeamCountry "GER"]
[BlackTeamCountry "GER"]

1. d4 d5 2. c4 c6 3. Nc3 Nf6 4. Nf3 e6 5. cxd5 exd5 6. Bf4 Bf5 7. a3 Bd6 8.
Bxd6 Qxd6 9. e3 Nbd7 10. Bd3 Bxd3 11. Qxd3 O-O 12. O-O a5 13. h3 Rfe8 14. Nd2
Qe7 1/2-1/2

[Event "Oberliga Ost A 2018 2019"]
[Site "?"]
[Date "2019.04.06"]
[Round "10.3"]
[White "Hofmann, Rares"]
[Black "Schunk, Thomas"]
[Result "1/2-1/2"]
[WhiteElo "2196"]
[BlackElo "2113"]
[PlyCount "75"]
[EventDate "2018.10.21"]
[EventType "team-tourn"]
[EventCountry "GER"]
[WhiteTeam "Coswig TuS"]
[BlackTeam "Leipzig SG II"]
[WhiteTeamCountry "GER"]
[BlackTeamCountry "GER"]

1. g3 d5 2. Bg2 Nf6 3. d3 e5 4. Nf3 Bd6 5. e4 dxe4 6. dxe4 O-O 7. O-O Nc6 8.
Qe2 Bg4 9. c3 h6 10. Nbd2 a6 11. h3 Be6 12. Nh4 Qc8 13. g4 Nh7 14. Nf5 Bc5 15.
b4 Ba7 16. Nf3 Qe8 17. N3h4 Ne7 18. Kh1 Ng6 19. Nf3 Qb5 20. Qe1 Rad8 21. h4
Rfe8 22. Rg1 Qd3 23. h5 Bxf5 24. gxf5 Ngf8 25. Bxh6 Qc2 26. Be3 Bxe3 27. Qxe3
Rd3 28. Rac1 Rxe3 29. Rxc2 Rxe4 30. Nh2 Rh4 31. Bxb7 Rxh5 32. Bxa6 e4 33. a4
Rh6 34. Bb7 Rb6 35. Bd5 Rd6 36. Bb7 Rb6 37. Bd5 Rd6 38. Bb7 1/2-1/2

[Event "Oberliga Ost A 2018 2019"]
[Site "?"]
[Date "2019.04.06"]
[Round "10.5"]
[White "Klawa, Patrick"]
[Black "Gempe, Thomas"]
[Result "0-1"]
[WhiteElo "2175"]
[BlackElo "2176"]
[PlyCount "106"]
[EventDate "2018.10.21"]
[EventType "team-tourn"]
[EventCountry "GER"]
[WhiteTeam "Coswig TuS"]
[BlackTeam "Leipzig SG II"]
[WhiteTeamCountry "GER"]
[BlackTeamCountry "GER"]

1. e4 c6 2. d4 d5 3. exd5 cxd5 4. Bd3 Nc6 5. c3 Qc7 6. h3 e5 7. dxe5 Nxe5 8.
Nf3 Nxd3+ 9. Qxd3 Nf6 10. O-O Be6 11. Be3 Bd6 12. Nbd2 O-O 13. Rfe1 Rae8 14.
Bd4 Nh5 15. Be5 f6 16. Bxd6 Qxd6 17. Nf1 Nf4 18. Qd4 b6 19. Ne3 g5 20. a4 Qd7
21. a5 Bxh3 22. g3 Bg4 23. Nh2 Ne2+ 24. Rxe2 Bxe2 25. Nxd5 Qd6 26. c4 Qe5 27.
Qxe5 Rxe5 28. axb6 axb6 29. Nxb6 Rd8 30. Nd5 Kg7 31. Ra7+ Kg6 32. Ne7+ Rxe7 33.
Rxe7 Rd1+ 34. Kg2 Bxc4 35. b4 Rb1 36. Rd7 Rxb4 37. Nf1 Ba6 38. f3 h5 39. Rd2
Rb3 40. Kf2 Bxf1 41. Kxf1 Rxf3+ 42. Kg2 Ra3 43. Rb2 Ra4 44. Kh3 Re4 45. Ra2 h4
46. g4 Re3+ 47. Kh2 Rg3 48. Ra4 Kf7 49. Re4 Kf8 50. Kh1 Rf3 51. Kg2 Rf4 52.
Rxf4 gxf4 53. Kf3 h3 0-1

[Event "Oberliga Ost A 2018 2019"]
[Site "?"]
[Date "2019.04.06"]
[Round "10.6"]
[White "Limpert, Michael"]
[Black "Escher, Thomas"]
[Result "1/2-1/2"]
[WhiteElo "2150"]
[BlackElo "2201"]
[PlyCount "131"]
[EventDate "2018.10.21"]
[EventType "team-tourn"]
[EventCountry "GER"]
[WhiteTeam "Leipzig SG II"]
[BlackTeam "Coswig TuS"]
[WhiteTeamCountry "GER"]
[BlackTeamCountry "GER"]

1. Nf3 c5 2. e4 d6 3. Bb5+ Bd7 4. Bxd7+ Qxd7 5. O-O Nf6 6. Qe2 Nc6 7. Rd1 g6 8.
c3 Bg7 9. d4 Qg4 10. Re1 O-O 11. h3 Qc8 12. Bf4 Nd7 13. d5 Nce5 14. Nbd2 b5 15.
Bxe5 Nxe5 16. Nxe5 Bxe5 17. Qxb5 Rb8 18. Qd3 Rxb2 19. Nc4 Rb8 20. Nxe5 dxe5 21.
Qc4 Qc7 22. Rab1 Rb6 23. Rb3 Kg7 24. Reb1 f5 25. Rb5 fxe4 26. Qxe4 Rxb5 27.
Rxb5 a6 28. Rb2 Rf4 29. Qe2 Qd6 30. g3 Rf5 31. Qe4 h5 32. Kg2 h4 33. c4 hxg3
34. fxg3 Qf6 35. Re2 Kf7 36. Qe3 Rf1 37. h4 Qf5 38. Kh2 e4 39. Qxe4 Qxe4 40.
Rxe4 Rf2+ 41. Kh3 Rxa2 42. Re6 Ra4 43. Kg2 Rxc4 44. Rxa6 Rd4 45. Kf3 Rxd5 46.
Rc6 e6 47. Ke4 Kf6 48. Rc8 Rd4+ 49. Ke3 Rc4 50. Kd3 Rg4 51. Rxc5 Rxg3+ 52. Ke2
e5 53. Rc8 Rh3 54. Rf8+ Ke6 55. Rh8 Kf5 56. Rf8+ Ke4 57. Rf6 Rh2+ 58. Kf1 Rxh4
59. Rxg6 Kf3 60. Rf6+ Rf4 61. Rh6 Ke3+ 62. Ke1 e4 63. Ra6 Kf3 64. Ra3+ e3 65.
Ra8 Rf5 66. Ra7 1/2-1/2

[Event "Oberliga Ost A 2018 2019"]
[Site "?"]
[Date "2019.04.06"]
[Round "10.7"]
[White "Piotraschke, Jens"]
[Black "Dietze, Frank"]
[Result "1-0"]
[WhiteElo "2113"]
[BlackElo "2096"]
[PlyCount "63"]
[EventDate "2018.10.21"]
[EventType "team-tourn"]
[EventCountry "GER"]
[WhiteTeam "Coswig TuS"]
[BlackTeam "Leipzig SG II"]
[WhiteTeamCountry "GER"]
[BlackTeamCountry "GER"]

1. d4 Nf6 2. Nf3 g6 3. g3 Bg7 4. Bg2 O-O 5. O-O d6 6. c4 Nc6 7. Nc3 a6 8. Qd3
e5 9. dxe5 dxe5 10. Qxd8 Rxd8 11. Bg5 Re8 12. Rfd1 h6 13. Bxf6 Bxf6 14. Nd2 Nd4
15. e3 Ne6 16. Rac1 Bd8 17. Nb3 Rb8 18. c5 Nf8 19. c6 b6 20. Bf1 Be6 21. Nd2
Ra8 22. Nc4 f6 23. Nd5 Bg4 24. Rd2 Ne6 25. Bg2 Ng5 26. Rdc2 Bf5 27. Rc3 Ne4 28.
Ra3 Rc8 29. g4 Be6 30. Bxe4 f5 31. Bg2 b5 32. Nxe5 1-0

[Event "Oberliga Ost A 2018 2019"]
[Site "?"]
[Date "2019.04.06"]
[Round "10.8"]
[White "Roemling, Sven"]
[Black "Merker, Matthias"]
[Result "1-0"]
[WhiteElo "2169"]
[BlackElo "2135"]
[PlyCount "175"]
[EventDate "2018.10.21"]
[EventType "team-tourn"]
[EventCountry "GER"]
[WhiteTeam "Leipzig SG II"]
[BlackTeam "Coswig TuS"]
[WhiteTeamCountry "GER"]
[BlackTeamCountry "GER"]

1. d4 Nf6 2. Nf3 e6 3. g3 c5 4. Bg2 cxd4 5. O-O d5 6. Nxd4 e5 7. Nf3 Nc6 8. c4
d4 9. e3 Be7 10. exd4 exd4 11. Nbd2 O-O 12. Nb3 d3 13. Be3 Ng4 14. Bf4 g5 15.
Bd2 Nge5 16. Nxg5 Bg4 17. Qc1 Be2 18. Re1 h6 19. Nh3 a5 20. Bc3 Kh7 21. Qf4 Ng6
22. Be4 a4 23. Nc1 Qd7 24. Bf5 Qd8 25. Nxe2 dxe2 26. Rxe2 Bf6 27. Rd2 Qe7 28.
Rd7 Qxd7 29. Bxd7 Nxf4 30. Bxf6 Nxh3+ 31. Bxh3 Kg6 32. Bc3 Rfe8 33. Bg2 Re7 34.
Bd5 f5 35. Kg2 Re2 36. Bf3 Re7 37. Rd1 Rd8 38. Rd5 Red7 39. Rb5 Ra8 40. Bd5 Re7
41. Rb6 Rc8 42. Kf3 Kg5 43. h4+ Kg6 44. Kf4 Kh7 45. Bf6 Rec7 46. Be6 Rf8 47.
Bc3 Ne7 48. Bb4 Ng6+ 49. Kf3 Ne5+ 50. Kg2 Rf6 51. Bc3 Re7 52. Bg8+ Kxg8 53.
Rxf6 Nxc4 54. Rxf5 Re2 55. Rb5 a3 56. bxa3 Rxa2 57. Bb4 b6 58. g4 Kf7 59. Kg3
Nxa3 60. Rxb6 Rb2 61. Ra6 Rb3+ 62. f3 Nc2 63. Bc5 Rc3 64. Bf2 Kg7 65. h5 Kh7
66. Ra7+ Kg8 67. Kg2 Ne3+ 68. Bxe3 Rxe3 69. Kg3 Rb3 70. Re7 Ra3 71. Kf4 Ra5 72.
Re5 Ra4+ 73. Kf5 Kf7 74. f4 Ra7 75. Rb5 Kg7 76. g5 hxg5 77. fxg5 Ra1 78. Rb7+
Kg8 79. g6 Ra5+ 80. Kf6 Ra6+ 81. Kg5 Ra5+ 82. Kh6 Ra8 83. Rb6 Rc8 84. Kg5 Rc5+
85. Kf6 Rc8 86. h6 Rf8+ 87. Ke7 Ra8 88. Rd6 1-0

[Event "Oberliga Ost A 2018 2019"]
[Site "?"]
[Date "2019.04.06"]
[Round "10.1"]
[White "Pallas, Sebastian"]
[Black "Rudolf, Sebastian"]
[Result "1/2-1/2"]
[WhiteElo "2290"]
[BlackElo "2304"]
[PlyCount "67"]
[EventDate "2018.10.21"]
[EventType "team-tourn"]
[EventCountry "GER"]
[WhiteTeam "Loeberitz SG"]
[BlackTeam "Dresden SG Gruen Weiss"]
[WhiteTeamCountry "GER"]
[BlackTeamCountry "GER"]

1. e4 c6 2. d4 d5 3. Nc3 dxe4 4. Nxe4 Bf5 5. Ng3 Bg6 6. h4 h6 7. Nf3 Nd7 8. h5
Bh7 9. Bd3 Bxd3 10. Qxd3 e6 11. Bd2 Ngf6 12. O-O-O Be7 13. Kb1 O-O 14. Qe2 Qb6
15. c4 Rad8 16. Bc3 Bb4 17. Bxb4 Qxb4 18. Ne5 c5 19. Rh4 Qb6 20. dxc5 Nxc5 21.
Rhd4 Rxd4 22. Rxd4 Rd8 23. Qd2 Rxd4 24. Qxd4 Qc7 25. b4 Ncd7 26. Nxd7 Nxd7 27.
Qxa7 Qxc4 28. Qxb7 Qd3+ 29. Kb2 f5 30. Qc8+ Kh7 31. Qc3 Qd1 32. Qe3 Qd6 33. Kb3
Qd5+ 34. Kb2 1/2-1/2

[Event "Oberliga Ost A 2018 2019"]
[Site "?"]
[Date "2019.04.06"]
[Round "10.2"]
[White "Siedentopf, Daniel"]
[Black "Reizniece Ozola, Dana"]
[Result "1/2-1/2"]
[WhiteElo "2293"]
[BlackElo "2314"]
[PlyCount "119"]
[EventDate "2018.10.21"]
[EventType "team-tourn"]
[EventCountry "GER"]
[WhiteTeam "Dresden SG Gruen Weiss"]
[BlackTeam "Loeberitz SG"]
[WhiteTeamCountry "GER"]
[BlackTeamCountry "GER"]

1. d4 Nf6 2. c4 g6 3. Nc3 Bg7 4. e4 d6 5. Nf3 O-O 6. h3 e5 7. d5 a5 8. Bg5 Na6
9. Be2 Nc5 10. Nd2 c6 11. Nb3 Nxb3 12. Qxb3 h6 13. Be3 a4 14. Qc2 cxd5 15. cxd5
Bd7 16. Qd2 Qa5 17. a3 Rfc8 18. g4 b5 19. f3 b4 20. Na2 bxa3 21. bxa3 Qd8 22.
h4 h5 23. g5 Ne8 24. Kf2 Rab8 25. Ba6 Rc7 26. Nb4 f6 27. Rac1 fxg5 28. hxg5
Rxc1 29. Rxc1 Nc7 30. Be2 Bf8 31. Nc6 Bxc6 32. dxc6 Be7 33. f4 Qf8 34. Bc4+ Kh7
35. Kg2 exf4 36. Bxf4 Qc8 37. Qe2 Ne6 38. Bxe6 Qxe6 39. c7 Rc8 40. Qf3 Kg8 41.
Kh2 Qd7 42. Qh3 Rxc7 43. Rxc7 Qxc7 44. Qe6+ Kg7 45. e5 Qc2+ 46. Kg1 Qc5+ 47.
Kg2 d5 48. Qd7 Qc2+ 49. Kg3 Qd3+ 50. Kh4 Qxa3 51. e6 Qb4 52. Kg3 Qe1+ 53. Kg2
Qe2+ 54. Kg1 Qg4+ 55. Kh1 Qd1+ 56. Kg2 Qc2+ 57. Kh1 Qd1+ 58. Kg2 Qe2+ 59. Kg1
Qd1+ 60. Kg2 1/2-1/2